Geography of Equatorial Guinea - Statistics

General Stats
  • This quiz has been taken 13 times
  • The average score is 11 of 20
Answer Stats
Question Answer % Correct
What gulf of the Atlantic Ocean does Equatorial Guinea touch? Gulf of {Guinea}
100%
What country borders Equatorial Guinea to the north? Cameroon
91%
What are the two other official languages? French
91%
What makes up around 90% of Equatorial Guinea's export sector? Oil
91%
Equatorial Guinea is the only country in Africa to make what language official? Spanish
91%
What country is the largest destination for the above export? China
82%
What country borders Equatorial Guinea to the south and east? Gabon
82%
What was the former capital city? Malabo
82%
What are the two other official languages? Portuguese
82%
What latitude line is Equatorial Guinea located just north of, except for one island? Equator
64%
What island is the above located on? Bioko
55%
What is the capital city of Equatorial Guinea? Ciudad de la Paz
55%
What is the largest city in Equatorial Guinea? (starts with B) Bata
45%
What is the largest ethnic group in Equatorial Guinea, known for their masks? Fang
27%
What is the mainland section of Equatorial Guinea called? Río {Muni}
27%
What cathedral in the capital city is also known as Santa Isabel? St. {Elizabeth}'s
27%
What dormant volcano is the highest point in Equatorial Guinea? Pico {Basilé}
18%
What is the southernmost populated island of Equatorial Guinea? (also called Pagalu) Annobón
9%
What is the capital of the Wele-Nzas province in the east of Equatorial Guinea? Mongomo
9%
What is the main settlement on that island? San {Antonio} de Palé
9%
No matching quizzes found
Score Distribution
Percent of People with Each Score
Percentile by Number Answered
Your Score History
You have not taken this quiz